Cáncer de la cavidad oral / (Registro nro. 22463)

Detalles MARC
000 -LEADER
fixed length control field 02105nam a2200301 i 4500
003 - CONTROL NUMBER IDENTIFIER
control field CO-CtgCURN
005 - DATE AND TIME OF LATEST TRANSACTION
control field 20250522163000.0
007 - PHYSICAL DESCRIPTION FIXED FIELD--GENERAL INFORMATION
fixed length control field ta
008 - FIXED-LENGTH DATA ELEMENTS--GENERAL INFORMATION
fixed length control field 140509s2005 sp a f 000 0 spa d
020 ## - INTERNATIONAL STANDARD BOOK NUMBER
International Standard Book Number 9588270006
040 ## - CATALOGING SOURCE
Original cataloging agency CO-CtgCURN
Language of cataloging spa
Transcribing agency coctgcurn
082 04 - DEWEY DECIMAL CLASSIFICATION NUMBER
Classification number 616.99431
Item number C514c
100 1# - MAIN ENTRY--PERSONAL NAME
Personal name Chediak Atia, Edmond.
245 10 - TITLE STATEMENT
Title Cáncer de la cavidad oral /
Statement of responsibility, etc. Edmond Chediak Atia.
260 ## - PUBLICATION, DISTRIBUTION, ETC.
Place of publication, distribution, etc. Bogotá :
Name of publisher, distributor, etc. Editorial Libros y Libros,
Date of publication, distribution, etc. 2005.
300 ## - PHYSICAL DESCRIPTION
Extent 164 p. :
Other physical details il. fotografias ;
Dimensions 28 cm.
336 ## - CONTENT TYPE
Source rdacontent
337 ## - MEDIA TYPE
Source rdamedia
Media type term sin mediacion
Media type code n
338 ## - CARRIER TYPE
Source rdacarrier
Carrier type term volumen
Carrier type code nc
504 ## - BIBLIOGRAPHY, ETC. NOTE
Bibliography, etc. note Bibliografía pp:161-164
505 ## - FORMATTED CONTENTS NOTE
Formatted contents note Cáncer de cavidad oral --Factores cancerígenos --Examen --Tumores benignos --Lesiones precancerosas --Biopsia --Etiología y patogénesis del cáncer oral --Diagnóstico clínico del cáncer oral --Carcinoma escamocelular --Adenocarcinomas --Plasmocitoma --Melanoma maligno --Tumores óseos malignos --Cáncer de senos maxilares --Cáncer de labios --Cáncer de encía --Carcinoma del alveolo inferior --Cáncer de lengua y piso de la boca --Cáncer de mejilla --Trígono retromolar --Cáncer de paladar --Leucemias y linfomas --Tratamiento --Metástasis --Tratamiento del cáncer de cavidad oral --Cirugía --Radioterapia --Quimioterapia --Manejo de la cavidad oral en el paciente con cáncer --Complicaciones orales por la radioterapia --Complicaciones orales por la quimioterapia --Complicaciones orales --Rehabilitación --Rehabilitación protésica --Clasificación --Defectos maxilares --Tratamiento --Defectos mandibulares -- Prótesis parcial removible --Prótesis totales --Defectos faciales --Elaboración de prótesis facial --Prótesis faciales implanto-soportadas --Consideraciones protésicas
650 14 - SUBJECT ADDED ENTRY--TOPICAL TERM
Topical term or geographic name entry element Boca
General subdivision Cáncer.
650 14 - SUBJECT ADDED ENTRY--TOPICAL TERM
Topical term or geographic name entry element Cavidad oral
General subdivision Cáncer
942 ## - ADDED ENTRY ELEMENTS (KOHA)
Koha item type Libros
Classification part 616.99431
Item part C514c
Source of classification or shelving scheme Dewey Decimal Classification
Suppress in OPAC No
Existencias
Withdrawn status Lost status Source of classification or shelving scheme Damaged status Not for loan Collection Home library Current library Shelving location Date acquired Inventory number Total checkouts Full call number Barcode Date last seen Copy number Price effective from Koha item type Public note
    Dewey Decimal Classification     General Miguel Henríquez Emiliani Miguel Henríquez Emiliani General 03/31/2025 018039   616.99431 C514c 018039 03/31/2025 ej.1 03/31/2025 Libros 610-CIENME
    Dewey Decimal Classification     General Miguel Henríquez Emiliani Miguel Henríquez Emiliani General 03/31/2025 018040   616.99431 C514c 018040 03/31/2025 ej.2 03/31/2025 Libros 610-CIENME
    Dewey Decimal Classification     General Miguel Henríquez Emiliani Miguel Henríquez Emiliani General 03/31/2025 024219   616.99431 C514c 024219 03/31/2025 ej.3 03/31/2025 Libros 610-CIENME